书目信息 |
| 题名: |
污染防治技术政策与技术指南
|
|
| 作者: | 熊跃辉 主编 ;环境保护部 编 | |
| 分册: | ||
| 出版信息: | 北京 中国环境出版社 2014 |
|
| 页数: | 12,368页 | |
| 开本: | 29cm | |
| 丛书名: | ||
| 单 册: | ||
| 中图分类: | X-012 | |
| 科图分类: | ||
| 主题词: | 污染防治--环境政策--中国--指南 , 污染防治 , 环境政策 | |
| 电子资源: | ||
| ISBN: | 978-7-5111-0704-6 | |
| 000 | 01007nam0 2200277 450 | |
| 001 | 142432 | |
| 005 | 20141221123319.92 | |
| 010 | @a978-7-5111-0704-6@dCNY 88.00 | |
| 100 | @a20140321d2014 em y0chiy50 ea | |
| 101 | 0 | @achi |
| 102 | @aCN@b110000 | |
| 105 | @ay z 000yy | |
| 200 | 1 | @a污染防治技术政策与技术指南@9wu ran fang zhi ji shu zheng ce yu ji shu zhi nan@b专著@f环境保护部科技标准司编 |
| 210 | @a北京@c中国环境出版社@d2014 | |
| 215 | @a12,368页@d29cm | |
| 300 | @a环境保护技术工作文件汇编(一) | |
| 314 | @a主编:熊跃辉 | |
| 330 | @a本书分污染防治技术政策和污染防治技术指南两篇,收录了《机动车排放污染防治技术政策》、《城市生活垃圾处理及污染防治技术政策》、《印染行业废水污染防治技术政策》等文件。 | |
| 606 | 0 | @a污染防治@x环境政策@y中国@j指南 |
| 606 | 0 | @a污染防治 |
| 606 | 0 | @a环境政策 |
| 690 | @aX-012@v5 | |
| 701 | 0 | @a熊跃辉@9xiong yue hui@c(环境保护)@4主编 |
| 712 | 02 | @a环境保护部@9huan jing bao hu bu@b科技标准司@4编 |
| 801 | 0 | @c20141221 |
| 905 | @a241430@dX-012@eH7842 | |
| 污染防治技术政策与技术指南/环境保护部科技标准司编.-北京:中国环境出版社,2014 |
| 12,368页;29cm |
| 环境保护技术工作文件汇编(一) |
| ISBN 978-7-5111-0704-6:CNY 88.00 |
| 本书分污染防治技术政策和污染防治技术指南两篇,收录了《机动车排放污染防治技术政策》、《城市生活垃圾处理及污染防治技术政策》、《印染行业废水污染防治技术政策》等文件。 |
| ● |
| 相关链接 |
|
|
|
正题名:污染防治技术政策与技术指南
索取号:X-012/H7842
 
预约/预借
| 序号 | 登录号 | 条形码 | 馆藏地/架位号 | 状态 | 备注 |
| 1 | 1134907 | 211349076 | 自科库501/501自科库 60排3列4层/ [索取号:X-012/H7842] | 在馆 | |
| 2 | 1134908 | 211349085 | 自科库501/501自科库 60排3列4层/ [索取号:X-012/H7842] | 在馆 | |
| 3 | 1134909 | 211349094 | 自科二线400A/400A自科库 28排1列4层/ [索取号:X-012/H7842] | 在馆 |